Most Populated Island Countries - Statistics

General Stats
  • This quiz has been taken 664 times
    614 since last reset
  • The average score is 9 of 11
Answer Stats
Population Island Country % Correct
242,968,342 Indonesia
98%
126,804,433 Japan
95%
99,900,177 Philippines
89%
21,281,844 Madagascar
87%
11,477,459 Cuba
86%
22,302,203 Taiwan
82%
21,513,990 Sri Lanka
81%
9,203,083 Haiti
76%
9,794,487 Dominican Republic
69%
6,182,390 Papa New Guinea
61%
26,160,256 Malaysia
56%
No matching quizzes found
Score Distribution
Percent of People with Each Score
Percentile by Number Answered
Your Score History
You have not taken this quiz since the last reset